000 00265nam a22001217a 4500
008 190313b xxu||||| |||| 00| 0 eng d
041 _aeng
080 _a043.3
100 _a0
101 _aMBE-BA
245 _aRendesia e Auditimit
_cSejdijaj, L
942 _2udc
_cBK
999 _c54759
_d54759